Georgia O'keeffe : The Poetry Of Things
| Main Author: | |
|---|---|
| Format: | Book |
| Published: |
Washington D.C :
The Phillips Collection ,
1999
|
| Subjects: |
MARC
| LEADER | 00000cam a2200000 7i4500 | ||
|---|---|---|---|
| 001 | 0000046708 | ||
| 005 | 20040805.0 | ||
| 008 | 040805s1999 | ||
| 020 | |a 0300079354 | ||
| 090 | 0 | 0 | |a R 759.13 TUR |
| 100 | 1 | |a Turner, Elizabeth Hutton | |
| 245 | 1 | 0 | |a Georgia O'keeffe : |b The Poetry Of Things |c Elizabeth Hutton Turner |
| 260 | |a Washington D.C : |b The Phillips Collection , |c 1999 | ||
| 300 | |a xvi,158p : |b col.ill | ||
| 650 | 0 | 0 | |a O'keeffe Georgia,Exhibitions |
| 999 | |a 226266 |b Buku |c Rak Terbuka |e Perbadanan Perpustakaan Awam Melaka | ||